00851nam a2200229 a 450000100060000000300080000600500170001400800410003103500190007204000270009104100110011808200270012910000550015624500980021126000420030930000210035150400330037260000390040594200120044499900170045695201480047371411BD-RjUL20211209082117.0170503s1946 pk b 000 0beng  a(BD-RjUL)71627 aDLCcTxUdBD-RjULbeng1 aengara 223a907.2024bENI 19461 aʻInān, Muḥammad ʻAbd Allāh,d1896-921129210aIbn Khaldūn :bhis life and work /cby Mohammad Abdullah Enan ; Translated from the Arabic. aLahore :bSh. Muhammad Ashraf,c1946. a144 p. ;c22 cm. aBibliography: p. [190]-193.00aIbn Khaldūn,d1332-1406.9168734 2ddccBK c71411d71411 00102ddc40718NFICaRUCLbRUCLcReadingd1955-02-16eWarsi Book, Dakhag6.00l0o907.2024 ENI 1946r2017-05-03 00:00:00tC-1w2017-05-03yBK